| 000 | 00412 a2200169 4500 | ||
|---|---|---|---|
| 001 | 71145 | ||
| 020 | _a8532247784 | ||
| 040 | _cAnchieta - Colégio São Paulo | ||
| 100 | _aCruz, Therezinha M. L. da | ||
| 240 | 1 | 0 |
_aA terra sem males de todos nós _lpor |
| 245 | 1 | 0 | _aA terra sem males de todos nós |
| 300 | _a64 | ||
| 362 | 0 | _a2002 | |
| 440 | 1 | _aFTD | |
| 650 | 4 | _aLiteratura infanto-juvenil | |
| 942 | _cBK | ||
| 999 |
_c71145 _d71145 |
||